书目信息 |
| 题名: |
医疗文书规范
|
|
| 作者: | 刘全喜 主编 | |
| 分册: | ||
| 出版信息: | 郑州 河南科学技术出版社 2001 |
|
| 页数: | 451页 | |
| 开本: | 26cm | |
| 丛书名: | ||
| 单 册: | ||
| 中图分类: | R197.323 | |
| 科图分类: | ||
| 主题词: | 病案--书写规则 , 病案--管理 | |
| 电子资源: | ||
| ISBN: | 7-5349-2703-X | |
| 000 | 00665nam0 2200241 450 | |
| 001 | 0100165175 | |
| 005 | 20020928000000.0 | |
| 010 | @a7-5349-2703-X@dCNY0.00 | |
| 011 | @a7-5349-2703-X | |
| 100 | @a20020123d2001 em y0chiy0110 ea | |
| 101 | 0 | @achi |
| 102 | @aCN@b410000 | |
| 105 | @ay z 000yy | |
| 106 | @ar | |
| 200 | 1 | @a医疗文书规范@9Yi Liao Wen Shu Gui Fan @f山东省卫生厅编@b专著 |
| 210 | @a郑州@c河南科学技术出版社@d2001 | |
| 215 | @a451页@d26cm | |
| 606 | 0 | @a病案@x书写规则 |
| 606 | 0 | @a病案@x管理 |
| 690 | @aR197.323@v4 | |
| 701 | 0 | @a刘全喜@9liu quan xi@4主编 |
| 801 | 0 | @aCN@bAiZhiMarc@c20020131 |
| 905 | @aBZT@dR197.323@e14@f2@sR197.323/14 | |
| 医疗文书规范/山东省卫生厅编.-郑州:河南科学技术出版社,2001 |
| 451页;26cm |
| ISBN 7-5349-2703-X:CNY0.00 |
| ● |
| 相关链接 |
|
|
|
正题名:医疗文书规范
索取号:R197.323/14
 
预约/预借
| 序号 | 登录号 | 条形码 | 馆藏地/架位号 | 状态 | 备注 |
| 1 | 2000149855 | 2000149855 | 旧书回溯/ [索取号:R197.323/14] | 在馆 | |
| 2 | 2000149856 | 2000149856 | 旧书回溯/ [索取号:R197.323/14] | 在馆 |